000 00327nam a2200133Ia 4500
008 220216s9999 xx 000 0 und d
245 0 _aControl of weeds on Malayan rubber estates
260 _bPlanters Bulletin
_c1959
300 _a100-116
650 _aMalaysia
650 _aRubber
650 _aWeed control
942 _cJS
999 _c56329
_d56329